000 00598nas a2200229 4500
001 BR8703619
003 BR-BrBNA
005 20231205090701.0
007 ta
008 230509b bl.|||p| |||| 00| 00por d
040 _aBR-BrBNA
_bpor
_cBiblioteca Nacional de Agricultura
041 _a(Pt)
072 _aL73
100 1 _aLobato, F.C.F.
245 1 _aAvicultura. Coriza
650 _aGALINHA
650 _aCORIZA
650 _aESTREPTOMICINA
773 0 _tIESACAO (Brazil)
_x
_g(Mar-Apr 1982), (no. 17) p. 5
_wBR8703619
909 _a202311
_bLúcia
_c55
_dLúcia Elande
942 _2AGRIS
_n0
_cANA
999 _c120237
_d120237